[Event "TUR-chT Clubs"]
[Site "Konya"]
[Date "2019.07.21"]
[Round "9.22"]
[White "Goktas, Ibrahim Can"]
[Black "Gul, Yusuf"]
[Result "1-0"]
[WhiteElo "1366"]
[BlackElo "1316"]
[PlyCount "135"]
[EventDate "2019.07.16"]
[EventType "team-swiss"]
[EventRounds "9"]
[EventCountry "TUR"]
[SourceTitle "CBM 191 Extra"]
[Source "ChessBase"]
[SourceDate "2019.09.30"]
[SourceVersion "1"]
[SourceVersionDate "2019.09.30"]
[SourceQuality "1"]
[WhiteTeam "Duzici Okyanus"]
[BlackTeam "Bornova Belediyesi Genclik"]
[WhiteTeamCountry "TUR"]
[BlackTeamCountry "TUR"]

1. e4 c5 2. Nc3 g6 3. f4 Bg7 4. Nf3 d6 5. Bb5+ Bd7 6. Bxd7+ Nxd7 7. 0-0 Ngf6 8. d3 0-0 9. h3 Rc8 10. Qe1 e5 11. f5 Nb6 12. g4 Ne8 13. g5 f6 14. Qh4 Qd7 15. fxg6 hxg6 16. gxf6 Bxf6 17. Bg5 Qh7 18. Qxh7+ Kxh7 19. h4 Rc7 20. Nb5 Rcf7 21. Nxa7 Nc7 22. Bxf6 Rxf6 23. Ng5+ Kh6 24. Rxf6 Rxf6 25. Rf1 Rxf1+ 26. Kxf1 Kh5 27. Nf7 Kxh4 28. Nxd6 g5 29. Nxb7 c4 30. Nc6 cxd3 31. cxd3 Nd7 32. a4 Na6 33. b4 g4 34. b5 Nac5 35. Nxc5 Nxc5 36. b6 Kh3 37. Nxe5 g3 38. Kg1 g2 39. Nf3 Kg3 40. Ne1 Kf4 41. Kxg2 Ke5 42. Nf3+ Kd6 43. e5+ Kc6 44. d4 Nxa4 45. Kg3 Nxb6 46. Kf4 Kd5 47. Kf5 Nc8 48. Kf4 Ne7 49. Nh4 Kxd4 50. Nf5+ Kd5 51. Nxe7+ Ke6 52. Ng6 Kf7 53. Kf5 Ke8 54. e6 Kd8 55. e7+ Kd7 56. Kf6 Ke8 57. Nh4 Kd7 58. Kf7 Kd6 59. e8Q Kd5 60. Qe6+ Kd4 61. Kf6 Kd3 62. Qe5 Kc4 63. Ke6 Kd3 64. Kd5 Kd2 65. Qe4 Kc3 66. Kc5 Kd2 67. Kc4 Kd1 68. Kc3 1-0

[Event "TUR-chT Clubs"]
[Site "Konya"]
[Date "2019.07.19"]
[Round "6.21"]
[White "Sahbaz, Bartu"]
[Black "Gul, Yusuf"]
[Result "1/2-1/2"]
[WhiteElo "1237"]
[BlackElo "1316"]
[PlyCount "60"]
[EventDate "2019.07.16"]
[EventType "team-swiss"]
[EventRounds "9"]
[EventCountry "TUR"]
[SourceTitle "CBM 191 Extra"]
[Source "ChessBase"]
[SourceDate "2019.09.30"]
[SourceVersion "1"]
[SourceVersionDate "2019.09.30"]
[SourceQuality "1"]
[WhiteTeam "Cotanak"]
[BlackTeam "Bornova Belediyesi Genclik"]
[WhiteTeamCountry "TUR"]
[BlackTeamCountry "TUR"]

1. d4 d6 2. Nf3 g6 3. Bf4 Bg7 4. e4 Nf6 5. Bd3 0-0 6. Nbd2 Nc6 7. c3 e5 8. Be3 Re8 9. 0-0 Bg4 10. Qc2 d5 11. Nxe5 Nxe5 12. dxe5 dxe4 13. Nxe4 Rxe5 14. Nxf6+ Bxf6 15. Bf4 Re7 16. f3 Be6 17. Kh1 Rd7 18. Rfd1 Bg5 19. Bxg5 Qxg5 20. Be4 Rad8 21. Rxd7 Rxd7 22. Rd1 Rxd1+ 23. Qxd1 Bxa2 24. Qa1 Bd5 25. Bxd5 Qxd5 26. Qxa7 Qd1+ 27. Qg1 Qc2 28. Qa1 b5 29. h3 Qa4 30. Qe1 Qc4 1/2-1/2

[Event "TUR-chT Clubs"]
[Site "Konya"]
[Date "2019.07.17"]
[Round "3.18"]
[White "Sozat, Arda"]
[Black "Gul, Yusuf"]
[Result "1/2-1/2"]
[WhiteElo "1429"]
[BlackElo "1316"]
[PlyCount "68"]
[EventDate "2019.07.16"]
[EventType "team-swiss"]
[EventRounds "9"]
[EventCountry "TUR"]
[SourceTitle "CBM 191 Extra"]
[Source "ChessBase"]
[SourceDate "2019.09.30"]
[SourceVersion "1"]
[SourceVersionDate "2019.09.30"]
[SourceQuality "1"]
[WhiteTeam "Duzce Siyah Beyaz"]
[BlackTeam "Bornova Belediyesi Genclik"]
[WhiteTeamCountry "TUR"]
[BlackTeamCountry "TUR"]

1. e4 c5 2. d4 cxd4 3. c3 dxc3 4. Nxc3 e6 5. Nf3 Bb4 6. Bc4 Ne7 7. 0-0 0-0 8. Qe2 b6 9. Rd1 Bb7 10. Bf4 Ng6 11. Bd6 Bxd6 12. Rxd6 Qe7 13. Rad1 Rd8 14. Qd2 Rc8 15. Bb5 Nf8 16. Ne5 Rd8 17. Nxd7 Nfxd7 18. Bxd7 Nxd7 19. Rxd7 Rxd7 20. Qxd7 Qxd7 21. Rxd7 Ba6 22. f4 Kf8 23. Kf2 Ke8 24. Rc7 Bc8 25. Nb5 Bd7 26. Rxa7 Rxa7 27. Nxa7 Ke7 28. e5 Kd8 29. b3 b5 30. Nxb5 Bxb5 31. Ke3 Bc6 32. g3 Bd5 33. Kd4 Kc7 34. Kc5 f6 1/2-1/2